| 000 | 01198cab a2200217 4500 | ||
|---|---|---|---|
| 001 | ABS68205 | ||
| 008 | 041001n2004 000 0 eng u | ||
| 035 | _a(Sirsi) u127605 | ||
| 100 | _aTrevelyan, L. | ||
| 245 | _aNo more deep pockets | ||
| 260 | _c2004 | ||
| 490 |
_aLaw Society's Gazette _v101(33) 2 September 2004, 22-25(3) |
||
| 520 | _aExamines the effect of the introduction of the Limited Liability Partnerships Act 2000. This allowed for the creation of a new legal entity which once registered as a Limited Liability Partnership (LLP) is liable to third parties rather than its members. Points out the advantages of this scheme which includes the recruitment and retension of staff as well as the obvious benefit of limiting of liability. Also discusses the uncertainties connected to this area including whether individual members are completely absolved of responsibility for liability, or if a member of an LLP can be sued for negligence. | ||
| 590 | _aABS | ||
| 650 | _aLIMITED LIABILITY PARTNERSHIPS ACT 2000 | ||
| 650 | _aLIMITED LIABILITY PARTNERSHIPS | ||
| 650 | _aLAW FIRMS | ||
| 650 | _aTHIRD PARTY RIGHTS | ||
| 690 | _aMANAGEMENT-BUSINESS MANAGEMENT | ||
| 942 | _n0 | ||
| 999 |
_c74557 _d74557 |
||